LEADER 01145nam--2200361---450- 001 990002832120203316 005 20091117120352.0 010 $a978-156-455-5 035 $a000283212 035 $aUSA01000283212 035 $a(ALEPH)000283212USA01 035 $a000283212 100 $a20061103d2000----km-y0itay50------ba 101 $aeng 102 $aNG 105 $a||||||||001yy 200 1 $a<> study in internal conflicts$ethe Liberian crisis and the West African peace initiative$fI.A. Nass 210 $aEnugu, Nigeria$cFourth Dimension$d2000 215 $aVI, 354 p.$d21 cm 410 0$12001 607 $aLiberia$yGuerra civile$z<1989-1997> 676 $a320.96 700 1$aNASS,$bInnocent Azubike$0595128 801 0$aIT$bsalbc$gISBD 912 $a990002832120203316 951 $aXXIII.1.M. 476 (IG VIII 10 ING 924)$b52043 G.$cXXIII.1.M. 476 (IG VIII 10)$d00118771 959 $aBK 969 $aGIU 979 $aIANNONE$b90$c20061103$lUSA01$h1228 979 $aIANNONE$b90$c20061103$lUSA01$h1231 979 $aRSIAV4$b90$c20091117$lUSA01$h1203 996 $aStudy in internal conflicts$9993649 997 $aUNISA LEADER 02316nam0 22005413i 450 001 VAN0261461 005 20231019041851.122 017 70$2N$a9783540384755 100 $a20230717d1979 |0itac50 ba 101 $aeng 102 $aDE 105 $a|||| ||||| 200 1 $aSmoothing Techniques for Curve Estimation$eProceedings of a Workshop held in Heidelberg, April 2-4, 1979$fedited by T. Gasser and M. Rosenblatt 210 $aBerlin$cSpringer$d1979 215 $a245 p.$d24 cm 461 1$1001VAN0102250$12001 $aLecture notes in mathematics$1210 $aBerlin [etc.]$cSpringer$v757 606 $a65-XX$xNumerical analysis [MSC 2020]$3VANC019772$2MF 606 $a00Bxx$xConference proceedings and collections of articles [MSC 2020]$3VANC021742$2MF 606 $a65D10$xNumerical smoothing, curve fitting [MSC 2020]$3VANC022981$2MF 606 $a62-XX$xStatistics [MSC 2020]$3VANC022998$2MF 606 $a65D07$xNumerical computation using splines [MSC 2020]$3VANC023275$2MF 606 $a62G05$xNonparametric estimation [MSC 2020]$3VANC029306$2MF 606 $a62G20$xAsymptotic properties of nonparametric inference [MSC 2020]$3VANC033713$2MF 610 $aBehavior$9KW:K 610 $aConvergence$9KW:K 610 $aCurve fitting$9KW:K 610 $aData modelling$9KW:K 610 $aData models$9KW:K 610 $aDerivative$9KW:K 610 $aEfficiency$9KW:K 610 $aEstimate$9KW:K 610 $aFunctions$9KW:K 610 $aKernel$9KW:K 610 $aModelling$9KW:K 610 $aSmoothing$9KW:K 610 $aStatistics$9KW:K 620 $dBerlin$3VANL000066 702 1$aGasser$bTheo$3VANV215805 702 1$aRosenblatt$bMurray$3VANV207135 712 $aSpringer $3VANV108073$4650 801 $aIT$bSOL$c20240614$gRICA 856 4 $uhttps://doi.org/10.1007/BFb0098486$zE-book ? Accesso al full-text attraverso riconoscimento IP di Ateneo, proxy e/o Shibboleth 899 $aBIBLIOTECA DEL DIPARTIMENTO DI MATEMATICA E FISICA$1IT-CE0120$2VAN08 912 $fN 912 $aVAN0261461 950 $aBIBLIOTECA DEL DIPARTIMENTO DI MATEMATICA E FISICA$d08CONS e-book 6238 $e08eMF6238 20230726 996 $aSmoothing techniques for curve estimation$980523 997 $aUNICAMPANIA